ბათუმის შოთა რუსთაველის სახელმწიფო უნივერსიტეტის ბიბლიოთეკა

ნიკოლოზ ბერძენიშვილი (1894-1965) : (ბიბ.ჩანაწერი № 60330)

000 -ლიდერი
ფიქსირებული სიგრძის საკონტროლო ველი 01656nam a22002297a 4500
003 - საკონტროლო ნომრის იდენტიფიკატორი
საკონტროლო ველი Ge_BSU
005 - ბოლო ოპერაციის თარიღი და დრო
საკონტროლო ველი 20230629144459.0
008 - ფიქსირებული სიგრძის მონაცემთა ელემენტები - ზოგადი ინფორმაცია
ფიქსირებული სიგრძის საკონტროლო ველი 230629b xxu||||| |||| 00| 0 geo d
041 ## - ენის კოდი
Language code of text/sound track or separate title geo
080 ## - უნივერსალური ათობითი კლასიფიკაციის ინდექსი
Universal Decimal Classification number 016:94(479.22) ბ-25
100 ## - მთავარი ჩანაწერი - პიროვნების სახელი
Personal name ბარკავა, მ.,
Relator term შემდგენელი
9 (RLIN) 1426
245 ## - ცნობა სათაურის შესახებ
Title ნიკოლოზ ბერძენიშვილი (1894-1965) :
Remainder of title ბიობიბლიოგრაფია /
Statement of responsibility, etc საქ. სსრ მეცნ. აკად., ცენტრ. სამეცნ. ბიბ-კა ; [შემდგ.: მ. ბარკავა, ე. დოლიძე ; რედ.: ე. ხოშტარია, ს. ხადური ; ბიბლიოგრ. რედ. თ. ნაკაშიძისა ; ე. ხოშტარია (ბროსეს) წინასიტყვ.].
264 ## - წარმოების, გამოცემის, დისტრიბუციის და სხვა ცნობები
გამოცემის, წარმოების, დისტრიბუციის... ადგილი თბილისი :
გამოცემის, წარმოების, დისტრიბუციის... სახელწოდება მეცნიერება,
გამოცემის, წარმოების, დისტრიბუციის... თარიღი 1981.
300 ## - ფიზიკური აღწერა
Extent 159 გვ. :
Other physical details პორტრ. ;
Dimensions 21 სმ.
490 ## - სერიის ცნობა
Series statement ქართველი მეცნიერები : ბიობიბლიოგრაფიული სერია / მთ. სარედ. კოლ.: შ. ძიძიგური და სხვ.
653 ## - INDEX TERM--UNCONTROLLED
Uncontrolled term საქართველოს ისტორია -- ბიბლიოგრაფია
653 ## - INDEX TERM--UNCONTROLLED
Uncontrolled term ბიობიბლიოგრაფია
653 ## - INDEX TERM--UNCONTROLLED
Uncontrolled term ბერძენიშვილი, ნიკოლოზ.
700 ## - ADDED ENTRY--PERSONAL NAME
Personal name დოლიძე, ე.
Relator term შემდგენელი
9 (RLIN) 1427
700 ## - ADDED ENTRY--PERSONAL NAME
Personal name ხოშტარია, ე.
Relator term რედაქტორი.
9 (RLIN) 18016
942 ## - ADDED ENTRY ELEMENTS (KOHA)
Source of classification or shelving scheme
Koha item type წიგნი
ეგზემპლარები
ჩამოწერის სტატუსი დაკარგული ეგზემპლარის სტატუსი კლასიფიკაციის წყარო ან თაროზე გაწყობის სქემა დაზიანების სტატუსი არ გაიცემა მუდმივი მდებარეობა (დაცვის ადგილი) ამჟამინდელი ადგილსამყოფელი თაროზე განთავსების ადგილი შეძენის თარიღი ღირებულება, შესყიდვის ნორმალური ფასი სრული შენახვის შიფრი შტრიხკოდი ბოლო ოპერაციის თარიღი ეგზემპლარის მიმდევრობითი ნომერი (კეტერი?) Uniform Resource Identifier ფასის ძალაში შესვლის თარიღი ეგზემპლარის სახეობა საჯარო შენიშვნა
          ბათუმის შოთა რუსთაველის სახელმწიფო უნივერსიტეტის მთავარი ბიბლიოთეკა ბათუმის შოთა რუსთაველის სახელმწიფო უნივერსიტეტის მთავარი ბიბლიოთეკა წიგნსაცავი 2023-06-29 5.00 016:94(479.22) ბ-25 64849 2023-06-29 64849 ბსუ-ს საპატიო დოქტორის გურამ ლორთქიფანიძის საჩუქარი 2023-06-29 წიგნი 5 ლ.